000 01844nam a22003974a 4500
001 ebr10178076
003 CaPaEBR
005 20250826234810.0
006 m u
007 cr cn|||||||||
008 050418s2005 nyua sb 001 0 eng
010 _z 2005007421
020 _z0765612518 (cloth : alk. paper)
040 _aCaPaEBR
_cCaPaEBR
035 _a(OCoLC)191662091
050 1 4 _aHD30.28
_b.G58 2005eb
082 0 4 _a658.4/012
_222
100 1 _aGlassman, Alan M.
_9146774
245 1 0 _aThinking strategically in turbulent times
_h[electronic resource] :
_ban inside view of strategy making /
_cAlan M. Glassman, Deone Zell, and Shari Duron ; foreword by Barry Z. Posner.
260 _aArmonk, N.Y. :
_bM.E. Sharpe,
_cc2005.
300 _axiii, 170 p. :
_bill.
504 _aIncludes bibliographical references (p. 159-161) and index.
505 0 _aThe contextual framework -- Thinking strategically at Hewlett-Packard -- Thinking strategically in Los Angeles County -- Thinking strategically at the California State University -- When sectors collide.
533 _aElectronic reproduction.
_bPalo Alto, Calif. :
_cebrary,
_d2013.
_nAvailable via World Wide Web.
_nAccess may be limited to ebrary affiliated libraries.
610 2 0 _aHewlett-Packard Company
_xPlanning.
_9146775
610 2 0 _aCalifornia State University
_xPlanning.
_9146776
650 0 _aStrategic planning.
650 0 _aBusiness planning.
_914119
651 0 _aLos Angeles County (Calif.)
_xPolitics and government.
_9146777
655 7 _aElectronic books.
_2local
_9190
700 1 _aZell, Deone.
_9146778
700 1 _aDuron, Shari,
_d1945-
_9146779
710 2 _aebrary, Inc.
_9191
856 4 0 _uhttp://site.ebrary.com/lib/strathmore/Doc?id=10178076
_zAn electronic book accessible through the World Wide Web; click to view
942 _cEBK
999 _c230877
_d202129